000
00247nam a22000977a 4500
041
_a
ENG
100
_a
Rao. B.V
245
_a
Operation And Mai nterane Of Glatrlcal Gquip Ment Vol 1
260
_a
Delhi
_b
Mobia Promoters Lpublisters
_c
1998
300
_a
360
999
_c
620
_d
620